[Event "Borsod-chT2 1415"]
[Site "Hungary"]
[Date "2015.01.24"]
[Round "5.7"]
[White "Fazekas, Milan"]
[Black "Ivan, Istvan"]
[Result "1/2-1/2"]
[WhiteElo "1580"]
[BlackElo "1514"]
[PlyCount "79"]
[EventDate "2014.09.28"]
[EventType "team-tourn"]
[EventRounds "7"]
[EventCountry "HUN"]
[SourceTitle "EXT 2016"]
[Source "ChessBase"]
[SourceDate "2015.10.08"]
[SourceVersion "1"]
[SourceVersionDate "2015.10.08"]
[SourceQuality "1"]
[WhiteTeam "Miskolc KisBocsok III"]
[BlackTeam "Hidasnemeti"]
[WhiteTeamCountry "HUN"]
[BlackTeamCountry "HUN"]

1. e4 e5 2. Nf3 d6 3. Bc4 Nc6 4. c3 Bg4 5. d3 Qf6 6. Nbd2 Be6 7. Bb3 Qg6 8. 0-0 Be7 9. Kh1 f5 10. Bxe6 Qxe6 11. Qb3 Qxb3 12. axb3 fxe4 13. Nxe4 Nf6 14. Be3 0-0 15. b4 a6 16. Ra2 Nd5 17. Rfa1 Rac8 18. Kg1 Nf4 19. Bxf4 Rxf4 20. Re1 Rcf8 21. Re2 Nd8 22. Ng3 Ne6 23. d4 Ng5 24. Nxg5 Bxg5 25. dxe5 dxe5 26. b3 Re8 27. Ra1 Rf7 28. Rae1 Bf6 29. Ne4 b6 30. Nd2 Rd7 31. f4 Rde7 32. fxe5 Rxe5 33. Rxe5 Rxe5 34. Rxe5 Bxe5 35. Ne4 Kf7 36. h3 Kg6 37. Kf2 Kf5 38. Ke3 h5 39. Kf3 Kg6 40. Ke3 1/2-1/2